000 00461nam a2200181Ia 4500
001 13318
005 20260306164752.0
008 260306t2005||||xx |||||||||||||| ||spa||
041 _aESP
082 _a001.42
_bS52
100 _aSierra Bravo, Restituto
_eAUT
245 0 _aTesis doctorales:
_by trabajos de investigación científica
260 _c2005
300 _a497 páginas :
_c24 cm.
650 _aGEN
654 _aCHU
942 _cLIB
_dJUS
_fJUS
_2ddc
_n
999 _c13318
_d13318